| 000 | 00387nam a22001577a 4500 | ||
|---|---|---|---|
| 999 |
_c9124 _d9124 |
||
| 003 | OSt | ||
| 008 | 201117b ||||| |||| 00| 0 eng d | ||
| 020 | _a9780714700700 | ||
| 100 | _aYankovsky, George | ||
| 245 | _aDifferential and Integral Calculus | ||
| 250 | _a1st Ed. | ||
| 260 |
_aNew Delhi _bCBS publisher _c1996 |
||
| 300 | _a464p. | ||
| 650 | _aB.Sc Non Medical | ||
| 942 |
_2ddc _cBK |
||